01063nam a2200289 a 450000100060000000300080000600500170001400800410003102000420007202000390011403500190015304000340017204100130020608200270021924501160024626000510036230000280041349000540044150400510049561000300054665000460057665000300062270000250065270000240067770000190070183000530072055752BD-RjUL20211209080317.0161121s2009 ne b 001 0 eng  a9789004145672 (hardback : alk. paper) a9004145672 (hardback : alk. paper) a(BD-RJUL)55876 aDLCcDLCdBAKERdBD-RJULbeng1 aenghger00a346.048223bWTO 2009.10aWTO--trade-related aspects of intellectual property rights /cPeter-Tobias Stoll, Jan Busche, and Katrin Arend. aLeiden :bMartinus Nijhoff Publishers,cc2009. axxxiv, 909 p. ;c25 cm.1 aMax Planck commentaries on world trade law,vv. 7 aIncludes index and bibliographical references20aWorld Trade Organization. 0aIntellectual property (International law) 0aForeign trade regulation.1 aStoll, Peter-Tobias.1 aBusche, Jan,d1961-1 aArend, Katrin. 0aMax Planck commentaries on world trade law ;v7.